000 00505nam a2200181Ia 4500
003 GCL
008 140319s9999 xx 000 0 eng d
040 _aGCL /
_cGCL
082 0 4 _a658
_bJ M
100 1 _aJACKSON, HARRYKE JN
245 1 0 _aMANAGEMENT 2000 THE PRACTICAL GUIDE TO WORLD CLASS COMPETITION /
_cJACKSON, HARRYKE JN
700 1 _aFRGON , NORMAND
260 _a[S.N] :
_bUAN NOSTRAND RENHOLD ،
_c1994
300 _a478 P
650 0 4 _aMANAGEMENT
650 0 4 _aPLANNING
942 _2ddc
_cBK
999 _c15626
_d15626